000 00286 a2200121 4500
001 60116
082 _a372.89044 FIS
090 _c36924
_d36924
100 _aFisher Tony
245 _aDeveloping as a teacher of geography
260 _aUK
_bChris Kington
_c2001
300 _a95 p.
942 _aNUST-CAE
_k372.89044 FIS
999 _c295189
_d295189